Science Quiz

Random Science or Biology Quiz

100 Tiny Animals Quiz Stats

 Plays Quiz Updated Jan 4, 2019

Support Sporcle.
Go Orange.
Score 0/100 Timer 12:00
22 Plays Today
# Animal % Correct
1Bear
97.5%
6Dog
96.4%
3Giraffe
93.9%
12Elephant
93%
10Cow
92.6%
11Flamingo
91.5%
4Parrot
91.3%
9Kangaroo
90.2%
13Butterfly
90.1%
41Penguin
89.2%
32Snail
89.1%
84Ant
88.5%
5Shark
87.7%
40Zebra
87.5%
34Spider Crab
87.4%
15Koala
87.2%
99Sea Turtle
86.6%
18Pigeon
86.2%
85Starfish
85.3%
51Sea Horse
84.8%
35Eagle
83.1%
100Human
83.1%
33Goldfish
83.1%
45Sheep
82.9%
98Chicken
82.7%
69Spider
82.1%
42Shrimp
80.9%
48Gorilla
80.8%
62Scorpion
80.5%
59Fox
80.2%
74Mouse
80%
91Duck
79.6%
28Whale
79.3%
75Bison
78.6%
# Animal % Correct
36Guinea Pig
77.4%
64Rhinoceros
77%
71Earthworm
75.9%
67Hyena
75.2%
44Hare
74.5%
23Mammoth
74.3%
97Puffer fish
73.3%
7Dodo
73%
66Octopus
72.4%
27Praying Mantis
72.2%
58Beetle
72.1%
19Walrus
72%
52Tortoise
70.6%
77Hummingbird
70.2%
26Puffin
69.8%
93Lobster
69.7%
56Lemur
69.7%
29Gecko
68.9%
8Squid
68.5%
82Centipede
67.5%
24Owl
66.8%
55Manta Ray
65.7%
30Cardinal
65.3%
46Clam
64.4%
22Jaguar
61.9%
50Woodpecker
61.5%
17Iguana
59.8%
43Salamander
54.3%
25Crocodile
54%
14Coral
52.5%
73Cockroach
51.8%
78Boa
50.7%
65Robin
49.1%
53Flying Fox
47.4%
# Animal % Correct
2Earwig
47.1%
68Vulture
44.5%
80Aardvark
44.3%
49Antelope
44.1%
94Mosquito
44%
39Flea
43.2%
21Toad
43.2%
83Kiwi
37.2%
89Roadrunner
33.9%
90Salmon
33.4%
57Albatross
33.1%
47Eel
33%
86Chameleon
31.5%
31Sea Anemone
30.9%
76Newt
30.2%
70Quail
30.1%
61Ibis
27.6%
72Catfish
27.6%
88Porcupine
22.6%
95Monitor lizard
19.9%
81Anglerfish
19.8%
79Piranha
17.6%
38Rhea
16.9%
37Echidna
14.9%
87Kookaburra
14.6%
60Water Bear
13.7%
92Stonefish
10.6%
63Perch
8.6%
54Bird-of-Paradise
6.8%
16Gar
6.7%
20Hyrax
6%
96Sea Squirt
3.3%

From the Vault

25 Compound Words Visualized II

by slipkid

What you see is what you get.
Remove Ads.
Support Sporcle.
Get the best of Sporcle when you Go Orange. This ad-free experience offers more features, more stats, and more fun while also helping to support Sporcle. Thank you for becoming a member.

Show Comments

Extras

Top Quizzes Today


Score Distribution

Your Account Isn't Verified!

In order to create a playlist on Sporcle, you need to verify the email address you used during registration. Go to your Sporcle Settings to finish the process.

Report this User

Report this user for behavior that violates our Community Guidelines.

Details: